000 00698nam a2200289Ia 4500
001 13435
003 26029
005 20241120062542.0
008 ||||||n9999 ||| || ||
082 _220
_a338.9
100 _aArnold P., H.J.
_921674
245 0 _aAid fordevelopment
_ba political and economic study
260 _aReino Unido :
_bThe Bodley Head,
_c1966.
300 _a156p.
562 _e1
650 0 _aCooperación internacional
_95080
650 _aDESARROLLO
_92794
650 0 _aPolítica económica
_9154
942 _cBKM
999 _c13435
_d13435
526 _a116204
526 _a4969
526 _a19790
526 _a104436
526 _a5144
526 _a51868
526 _a1697